UBT Library

CULTURES CONTEXTS THE CARIBBEAN (Record no. 59525)

000 -LEADER
fixed length control field 00336nam a22001457a 4500
008 - FIXED-LENGTH DATA ELEMENTS--GENERAL INFORMATION
fixed length control field 230413b ||||| |||| 00| 0 eng d
020 ## - INTERNATIONAL STANDARD BOOK NUMBER
International Standard Book Number 9781607977339
041 ## - LANGUAGE CODE
Language code of text/sound track or separate title eng
080 ## - UNIVERSAL DECIMAL CLASSIFICATION NUMBER
Edition identifier 3RD EDITION
Universal Decimal Classification number 030
082 ## - DEWEY DECIMAL CLASSIFICATION NUMBER
Classification number 030KHA
100 ## - Rafti
Rafti 40
101 ## - Shkurtesa
Shkurtesa ENCIK
245 ## - TITLE STATEMENT
Title CULTURES CONTEXTS THE CARIBBEAN
Statement of responsibility, etc KHAN. A
942 ## - ADDED ENTRY ELEMENTS (KOHA)
Source of classification or shelving scheme
Item type Books
Holdings
Withdrawn status Lost status Source of classification or shelving scheme Damaged status Not for loan Collection code Permanent location Current location Date acquired Total Checkouts Full call number Barcode Date last seen Price effective from Koha item type
          Koleksioni i përgjithshem UBT - Lipjan UBT - Lipjan 04/13/2023   030KHA 002-80005034 04/13/2023 04/13/2023 Books
UBT Library © 2015-2024. All rights reserved University Education for Business and Technology